| 000 | 00561nam a22001817a 4500 | ||
|---|---|---|---|
| 999 |
_c17069 _d17069 |
||
| 008 | 180730b xxu||||| |||| 00| 0 eng d | ||
| 020 | _a0071315289 | ||
| 040 |
_aKABU _cKABU |
||
| 050 |
_aHD58.7 _b.L87 2013 c. 1 |
||
| 100 | _aLussier, Robert N. | ||
| 245 |
_aHuman relations in organizations _bapplications and skill building _cRobert N. Lussier |
||
| 250 | _a9th ed. | ||
| 260 |
_aNew York _bMcGraw-Hill/Irwin _c2013 |
||
| 300 | _axvii, 490 p. | ||
| 650 | _aOrganizational behavior | ||
| 650 | _aInterpersonal relations | ||
| 942 |
_2lcc _cBK _hHD58.7 |
||